Normal view MARC view

Entry Topical Term

Number of records used in: 1

001 - CONTROL NUMBER

  • control field: 36619

003 - CONTROL NUMBER IDENTIFIER

  • control field: OSt

005 - DATE AND TIME OF LATEST TRANSACTION

  • control field: 20230307124759.0

008 - FIXED-LENGTH DATA ELEMENTS

  • fixed length control field: 230307|| aca||aabn | a|a d

040 ## - CATALOGING SOURCE

  • Original cataloging agency: OSt
  • Transcribing agency: OSt

150 ## - HEADING--TOPICAL TERM

  • Topical term or geographic name entry element: Social capital, Structural social capital, Relational social capital, Cognitive social capital, Social capital index, Income Informal workers.

670 ## - SOURCE DATA FOUND

  • Source citation: Work cat.: (OSt): Banerjee, Breeta and Kundu, Amit 36618, Revisiting the relationship between social capital and income of informal workers: An empirical analysis from Hooghly district of West Bengal, India

Powered by Koha